[Event "Ruy Lopez - Norma de MI"]
[Site "Asamblea de Merida"]
[Date "2008.04.09"]
[Round "7.3"]
[White "Garcia Romero, Benjamin Abel"]
[Black "Strikovic, Aleksa"]
[Result "1-0"]
[WhiteElo "2250"]
[BlackElo "2530"]
[PlyCount "91"]
[EventDate "2008.04.05"]
[SourceDate "2008.04.06"]

1. d4 d6 2. e4 Nf6 3. f3 c5 4. d5 g6 5. c4 Bg7 6. Nc3 O-O 7. Bg5 e6 8. Qd2 exd5
9. cxd5 h6 10. Be3 a6 11. a4 Re8 12. Be2 h5 13. Rb1 Nh7 14. b4 cxb4 15. Rxb4
Qa5 16. Nd1 Nd7 17. Bd4 Bxd4 18. Qxd4 Nc5 19. Nc3 f5 20. Nh3 fxe4 21. Nf4 exf3
22. gxf3 Bf5 23. Kd1 Kf7 24. Ne6 Nf6 25. Ne4 Ncxe4 26. fxe4 Bxe4 27. Rxb7+ Kg8
28. Rg7+ Kh8 29. Rxg6 Qxd5 30. Rh6+ Kg8 31. Rg1+ Ng4 32. Bxg4 Qxd4+ 33. Nxd4
hxg4 34. Rxg4+ Kf7 35. Rxd6 Rab8 36. h4 Rb4 37. Rf4+ Kg8 38. a5 Ra4 39. Rg4+
Kh7 40. Rg5 Re7 41. Ne6 Ra1+ 42. Kd2 Rf1 43. Rh5+ Kg6 44. Rg5+ Kh7 45. Rh5+ Kg6
46. Re5 1-0

[Event "Ruy Lopez - Norma de MI"]
[Site "Asamblea de Merida"]
[Date "2008.04.09"]
[Round "7.4"]
[White "Carrasco Martinez, Juan M"]
[Black "Figuero, Toro Julian Francis"]
[Result "1-0"]
[WhiteElo "2417"]
[BlackElo "2253"]
[PlyCount "65"]
[EventDate "2008.04.05"]
[SourceDate "2008.04.06"]

1. d4 d5 2. Nf3 e6 3. c4 c6 4. Nbd2 f5 5. g3 Nf6 6. Bg2 Bd6 7. O-O O-O 8. Ne5
Qe7 9. Ndf3 b6 10. Bf4 Bb7 11. Rc1 dxc4 12. Rxc4 c5 13. dxc5 Bxc5 14. Nd3 Rd8
15. Qc1 Na6 16. Nxc5 Nxc5 17. b4 Na6 18. a3 Bd5 19. Ne5 Bxg2 20. Kxg2 Nd5 21.
Nc6 Qb7 22. e4 Nxf4+ 23. Qxf4 Rf8 24. Kg1 Rae8 25. Rd1 b5 26. Rc2 e5 27. Qe3
Nb8 28. Qxa7 Qc8 29. Nd4 Qd8 30. Rc7 Qg5 31. Nxf5 Qh5 32. Rxg7+ Kh8 33. g4 1-0

[Event "Ruy Lopez - Norma de MI"]
[Site "Asamblea de Merida"]
[Date "2008.04.09"]
[Round "7.5"]
[White "Guerra Tulcan, Lenin"]
[Black "Cabezas Ayala, Ivan"]
[Result "1/2-1/2"]
[WhiteElo "2274"]
[BlackElo "2320"]
[PlyCount "54"]
[EventDate "2008.04.05"]
[SourceDate "2008.04.06"]

1. e4 e5 2. Nf3 Nc6 3. d4 exd4 4. Bc4 Nf6 5. e5 d5 6. Bb5 Ne4 7. Nxd4 Bd7 8.
Bxc6 bxc6 9. Be3 Bc5 10. Nd2 Nxd2 11. Qxd2 Bb6 12. Nb3 f6 13. O-O O-O 14. f4
fxe5 15. fxe5 Qg5 16. Rxf8+ Rxf8 17. Re1 Re8 18. c4 Bxe3+ 19. Qxe3 Qxe3+ 20.
Rxe3 dxc4 21. Nc5 Be6 22. Nxe6 Rxe6 23. Re4 c5 24. Rxc4 Rxe5 25. Ra4 Re2 26. b3
c4 27. Rxc4 Rxa2 1/2-1/2

[Event "Ruy Lopez - Norma de MI"]
[Site "Asamblea de Merida"]
[Date "2008.04.10"]
[Round "8.1"]
[White "Rocha, Sergio"]
[Black "Cabezas Ayala, Ivan"]
[Result "1-0"]
[WhiteElo "2412"]
[BlackElo "2320"]
[PlyCount "65"]
[EventDate "2008.04.05"]
[SourceDate "2008.04.06"]

1. e4 e5 2. Nf3 Nc6 3. Bb5 Nf6 4. d3 d6 5. c3 Bd7 6. Nbd2 g6 7. Nf1 Bg7 8. Bg5
h6 9. Bh4 O-O 10. h3 Qe8 11. g4 Nd8 12. Bc4 Be6 13. Ne3 Bxc4 14. Bxf6 Bxf6 15.
dxc4 Ne6 16. h4 Bg7 17. Qc2 a6 18. O-O-O b5 19. h5 Qc6 20. g5 hxg5 21. Nd5 Rfe8
22. Rdg1 Qxc4 23. hxg6 fxg6 24. Nxg5 Nf4 25. Kb1 Nxd5 26. exd5 e4 27. f3 Qxd5
28. fxe4 Qe5 29. Qb3+ d5 30. exd5 Qf5+ 31. Ka1 Qd3 32. Ne6 Re7 33. d6 1-0

[Event "Ruy Lopez - Norma de MI"]
[Site "Asamblea de Merida"]
[Date "2008.04.10"]
[Round "8.3"]
[White "Strikovic, Aleksa"]
[Black "Carrasco Martinez, Juan M"]
[Result "1-0"]
[WhiteElo "2530"]
[BlackElo "2417"]
[PlyCount "87"]
[EventDate "2008.04.05"]
[SourceDate "2008.04.06"]

1. e4 e6 2. d3 d5 3. Qe2 dxe4 4. dxe4 b6 5. Nf3 Ba6 6. c4 Nd7 7. Nc3 Ne7 8. Be3
Nc6 9. O-O-O Qc8 10. h4 Bb4 11. Qc2 O-O 12. h5 f6 13. Nb5 Bc5 14. Nfd4 Nxd4 15.
Nxd4 e5 16. Nf5 Bxe3+ 17. fxe3 Rf7 18. b4 Kh8 19. Be2 Nf8 20. b5 Bb7 21. c5
bxc5 22. Bc4 Rd7 23. h6 g6 24. Ng7 Rd6 25. Bb3 Nd7 26. Qc4 Nb6 27. Qf7 Qd7 28.
Qxd7 Rxd7 29. Rxd7 Nxd7 30. Rd1 Nb6 31. Bc2 Nc4 32. Rd7 Nxe3 33. Rxc7 Rb8 34.
Ne8 Rxe8 35. Rxb7 Ra8 36. a4 Nc4 37. Rc7 Nd6 38. Rd7 Nc4 39. Rf7 Kg8 40. Rg7+
Kh8 41. Bb3 Ne3 42. a5 c4 43. b6 axb6 44. axb6 1-0

[Event "Ruy Lopez - Norma de MI"]
[Site "Asamblea de Merida"]
[Date "2008.04.10"]
[Round "8.4"]
[White "Dolezal, Cristian"]
[Black "Garcia Romero, Benjamin Abel"]
[Result "1-0"]
[WhiteElo "2436"]
[BlackElo "2250"]
[PlyCount "47"]
[EventDate "2008.04.05"]
[SourceDate "2008.04.06"]

1. e4 c5 2. g3 e6 3. d3 d5 4. Nd2 Nc6 5. Bg2 Be7 6. Nh3 Nf6 7. O-O O-O 8. f4 e5
9. Nf2 d4 10. a4 g6 11. Nc4 exf4 12. gxf4 Ne8 13. f5 Nd6 14. Bh6 Nxc4 15. dxc4
Re8 16. Ng4 f6 17. Ra3 g5 18. e5 Nxe5 19. Nxe5 fxe5 20. Bd5+ Kh8 21. f6 Bxf6
22. Qh5 Re6 23. Raf3 Be7 24. Bg7+ 1-0

[Event "Ruy Lopez - Norma de MI"]
[Site "Asamblea de Merida"]
[Date "2008.04.11"]
[Round "9.1"]
[White "Frois, Antonio"]
[Black "Rocha, Sergio"]
[Result "1/2-1/2"]
[WhiteElo "2370"]
[BlackElo "2412"]
[PlyCount "52"]
[EventDate "2008.04.05"]
[SourceDate "2008.04.06"]

1. Nf3 Nf6 2. c4 c5 3. g3 b6 4. Bg2 Bb7 5. O-O e6 6. Nc3 a6 7. d4 cxd4 8. Qxd4
d6 9. Bg5 Nbd7 10. Rfd1 Qc7 11. Nd2 Bxg2 12. Kxg2 Be7 13. Nde4 O-O 14. Nxf6+
Nxf6 15. Ne4 Nxe4 16. Bxe7 Qxe7 17. Qxe4 Rac8 18. Rd4 b5 19. Rad1 Rxc4 20. Rxc4
bxc4 21. Qxc4 Qb7+ 22. Kg1 Qxb2 23. Rxd6 Qb1+ 24. Kg2 Qb7+ 25. Qc6 Qxc6+ 26.
Rxc6 Ra8 1/2-1/2

[Event "Ruy Lopez - Norma de MI"]
[Site "Asamblea de Merida"]
[Date "2008.04.11"]
[Round "9.2"]
[White "Garcia Romero, Benjamin Abel"]
[Black "Vitor, Antonio"]
[Result "1-0"]
[WhiteElo "2250"]
[BlackElo "2368"]
[PlyCount "112"]
[EventDate "2008.04.05"]
[SourceDate "2008.04.06"]

1. d4 d5 2. Nf3 Nf6 3. c4 c6 4. Nc3 a6 5. c5 Bf5 6. Qb3 Ra7 7. Bf4 Nbd7 8. e3
e6 9. h3 h6 10. Be2 Be7 11. O-O O-O 12. Rac1 Re8 13. Rfd1 Qc8 14. Na4 Bd8 15.
Nb6 Bxb6 16. cxb6 Ra8 17. Bc7 Bh7 18. Qa3 Ne4 19. b4 Ng5 20. Qb2 Nxf3+ 21. Bxf3
Nf6 22. a4 Qd7 23. Be2 Rec8 24. b5 axb5 25. axb5 cxb5 26. Bxb5 Qe7 27. Ra1 Rxa1
28. Rxa1 Ne8 29. Bxe8 Qxe8 30. Qb4 Bc2 31. Ra7 Qc6 32. Qc5 Ba4 33. Qa3 Bb5 34.
Kh2 Re8 35. Ra5 Qc4 36. Qb2 Ba6 37. Rc5 Qd3 38. Rc3 Qe4 39. Ra3 Ra8 40. Qa2 Qf5
41. Rxa6 Rxa6 42. Qxa6 bxa6 43. b7 Qxf2 44. b8=Q+ Kh7 45. Qb1+ Kg8 46. Qc1 Qf5
47. Qc6 Qf2 48. Bf4 g5 49. Be5 Kh7 50. Qe8 Kg6 51. Qg8+ Kh5 52. Bg3 Qf1 53. Qg7
a5 54. Be5 Qf2 55. Bf6 a4 56. Qxf7+ Kh4 1-0

[Event "Ruy Lopez - Norma de MI"]
[Site "Asamblea de Merida"]
[Date "2008.04.11"]
[Round "9.3"]
[White "Carrasco Martinez, Juan M"]
[Black "Dolezal, Cristian"]
[Result "1/2-1/2"]
[WhiteElo "2417"]
[BlackElo "2436"]
[PlyCount "82"]
[EventDate "2008.04.05"]
[SourceDate "2008.04.06"]

1. d4 g6 2. Nf3 Bg7 3. c4 c5 4. g3 cxd4 5. Nxd4 Nc6 6. Nc2 h5 7. h4 d6 8. Bg2
Be6 9. Ne3 Qd7 10. Nd2 Nh6 11. Nf3 Ng4 12. Nd5 Rc8 13. Ng5 Bxd5 14. cxd5 Nb4
15. O-O Qb5 16. Qb3 Qc4 17. Qxc4 Rxc4 18. Bd2 Nc2 19. Rac1 O-O 20. b3 Rc7 21.
Bh3 Bb2 22. Rb1 Ba3 23. e3 Nb4 24. Bxb4 Bxb4 25. Rfd1 Nf6 26. Rd4 a5 27. a4 Rc5
28. Ne4 Rc2 29. Nxf6+ exf6 30. Bd7 f5 31. Kg2 Bc5 32. Rd3 Kg7 33. Kf3 Kf6 34.
Rbd1 Ke7 35. Bb5 Rc8 36. Bc4 Bb4 37. Ra1 Kd7 38. Rdd1 Bd2 39. Ke2 Bb4+ 40. Kf3
Bd2 41. Ke2 Bb4+ 1/2-1/2

[Event "Ruy Lopez - Norma de MI"]
[Site "Asamblea de Merida"]
[Date "2008.04.11"]
[Round "9.4"]
[White "Guerra Tulcan, Lenin"]
[Black "Strikovic, Aleksa"]
[Result "1/2-1/2"]
[WhiteElo "2274"]
[BlackElo "2530"]
[PlyCount "95"]
[EventDate "2008.04.05"]
[SourceDate "2008.04.06"]

1. e4 d6 2. d4 Nf6 3. Bd3 e5 4. c3 g6 5. Ne2 Bg7 6. O-O O-O 7. Nd2 Nbd7 8. f4
exf4 9. Nxf4 b6 10. Ne2 Bb7 11. Ng3 c5 12. Nf3 cxd4 13. cxd4 b5 14. Bf4 Qb6 15.
Qb3 Ng4 16. Bxb5 Bxd4+ 17. Nxd4 Qxd4+ 18. Kh1 Nc5 19. Qc3 Qxc3 20. bxc3 Nxe4
21. Nxe4 Bxe4 22. Rae1 f5 23. Bxd6 Rfd8 24. Bc5 Rd2 25. Re2 Rxe2 26. Bc4+ Kg7
27. Bd4+ Nf6 28. Bxe2 Rb8 29. c4 Kf7 30. Re1 Rd8 31. Bxa7 Rd2 32. Bf3 Rxa2 33.
Bd4 Rd2 34. Bc3 Rd6 35. Bd1 Nd7 36. c5 Ra6 37. Bb3+ Ke7 38. Bb4 Kd8 39. Rd1 Kc7
40. Kg1 Ra8 41. Kf2 Ne5 42. Bd5 Ra4 43. Bxe4 fxe4 44. Bc3 Nd3+ 45. Ke3 Ra3 46.
Kd4 Kc6 47. Ra1 Rxa1 48. Bxa1 1/2-1/2